| 000 | 01848cam0 2200397 ib4500 | ||
|---|---|---|---|
| 001 | BY-MI0010-br91922 | ||
| 005 | 20250904144645.0 | ||
| 010 |
^a978-5-17-161939-8 ^bв переплете ^d22.33 р. |
||
| 100 | ^a20250904d2025 d y0rusy50 ca | ||
| 101 | 1 |
^arus ^cger |
|
| 102 | ^aRU | ||
| 105 | ^aa z 000ay | ||
| 109 | ^ama | ||
| 200 | 1 |
^aАкадемия футбола. Большой сюрприз ^e[для среднего школьного возраста] ^fАндреас Шлютер, Ирене Маргил ^gхудожник Я. Зассе ^g[перевод с немецкого А. Зубаревой] |
|
| 210 |
^aМосква ^cАСТ ^cКниги Вилли Винки ^d2025 |
||
| 215 |
^a121,[4] с. ^cцв. ил. ^d22 см |
||
| 225 | 1 |
^a"Академия футбола" ^vкн. 3 |
|
| 333 | ^a6+ | ||
| 345 | ^92 000 экз. | ||
| 606 |
^aХУДОЖЕСТВЕННАЯ ЛИТЕРАТУРА ^3BY-NLB-ar37179 ^2DVNLB |
||
| 606 |
^aЗАРУБЕЖНАЯ ЛИТЕРАТУРА ^3BY-NLB-ar10779 ^2DVNLB |
||
| 606 |
^aНЕМЕЦКАЯ ЛИТЕРАТУРА ^3BY-NLB-ar20312 ^2DVNLB |
||
| 608 |
^aПОВЕСТЬ ^3BY-NLB-ar23936 ^2BYGNR |
||
| 608 |
^aДЕТСКАЯ И ЮНОШЕСКАЯ ЛИТЕРАТУРА (художеств. произведение) ^3BY-NLB-ar9019 ^2BYGNR |
||
| 686 |
^a84(4Гем)-44 ^2rubbk |
||
| 690 |
^a1 ^2Base ^9BY-MI0010 ^xRSEK |
||
| 700 | 1 |
^aШлютер ^bА. ^gАндреас ^4070 |
|
| 701 | 1 |
^aМаргил ^bИ. ^gИрене ^4070 |
|
| 702 | 1 |
^aЗассе ^bЯ. ^gЯн ^4040 |
|
| 801 | 0 |
^aBY ^bBY-MI0010 ^c20250904 ^gRCR |
|
| 702 | 1 |
^aЗубарева ^bА. В. ^gАделия Владиславовна ^cпереводчик ^3BY-PLRB-ar14698774 ^4730 |
|
| 035 | ^a(BY-MI0010)BY-MI0010-br91922 | ||
| 899 | 0 |
^aBY-MI0010 ^iШ69 ^h84(4Гем) |
|